| 000 | 01079nam a2200241Ia 4500 | ||
|---|---|---|---|
| 008 | 0000002009 sp ad 0000000000spa00 | ||
| 090 | _aPSP00 J27j | ||
| 245 | 1 | 3 |
_aJerónimo Elespe _b: las tres vidas _c/ coordinación Juan R. Rodríguez ; traducción Lorraine Kerslake |
| 300 |
_a37 p. _c/ 27 cm. |
||
| 500 | _aExposición realizada en Galería Soledad Lorenzo, Madrid, junio 10 julio 23, 2009 \ Incluye cronología del artista \ Texto bilingue: español inglés \ Proyecto Ganador Programa Apoyos Concertados FGAA 2010 | ||
| 501 | _aTemperar la pintura = Tempering with paint / David Barro | ||
| 600 | 0 | 0 |
_aELESPE, JERONIMO. 1973/ _xTRABAJOS PICTORICOS |
| 650 | 1 | 4 | _aARTE CONTEMPORANEO ESPAÑOL |
| 650 | 1 | 4 | _aARTISTAS PLASTICOS ESPAÑOLES EXPOSIONES |
| 650 | 1 | 4 | _xCATALOGOS |
| 650 | 1 | 4 | _xEXPOSICIONES |
| 650 | 1 | 4 | _aPINTORES ESPAÑOLES |
| 650 | 1 | 4 | _aPINTURA AL OLEO |
| 650 | 1 | 4 | _aPINTURA DE RETRATOS |
| 650 | 1 | 4 | _aPINTURA ESPAÑOLA |
| 700 | 1 | _aRodríguez, Juan R. \ Kerslake, Lorraine | |
| 999 |
_c13105 _d13105 |
||
| 260 |
_aMadrid : Galería Soledad Lorenzo _c2009 |
||